| 000 | 01113nam a2200313Ia 4500 | ||
|---|---|---|---|
| 001 | Para_1298 | ||
| 003 | CHAP | ||
| 008 | 220125s1998 xx 000 0 und d | ||
| 010 | _a200006 | ||
| 040 | _cCHAP | ||
| 090 | _aPA TESIS 1239 | ||
| 100 |
_aGarcía García, Carlos Gilberto _946023 |
||
| 245 |
_aEfectividad biológica del jabón insecticida 0104XVVIII para el combate de mosquitas blancas en Alstroemeria en Villa Guerrero, Estado de México / _c por Carlos Gilberto García García |
||
| 260 | _aChapingo, Méx. . El autor | ||
| 300 | _a66 h | ||
| 502 | _aTesis (Ing. Agr. Esp. en Parasitología Agrícola), UACh. Depto. Parasitología | ||
| 650 |
_aInsecticidas _x pruebas _958878 |
||
| 650 |
_aInsecticidas _x toxicidad _958882 |
||
| 650 |
_aMosquita blanca _9164950 |
||
| 650 |
_aPlantas ornamentales _x plagas _989072 |
||
| 710 |
_aUACh. Departamento de Parasitología Agrícola _9115877 |
||
| 901 | _aPA TESIS 1239 | ||
| 902 | _aA | ||
| 905 | _a0000001998 i 0000000000 00 | ||
| 910 | _a1998 | ||
| 942 | _cPARA | ||
| 942 |
_cPARA _d1 |
||
| 999 |
_c200006 _d200006 |
||